000
00489nam a2200181Ia 4500
008
090124s9999 xx 000 0 und d
082
_b
21314
100
_a
भावे पु. भा.
245
_a
गूढकथा
250
_a
2
260
_b
संजय प्रकाशन
_c
1980
300
_a
148
600
_a
भावे पु. भा.
630
_a
गूढकथा
700
_a
भावे पु. भा.
730
_a
गूढकथा
942
_c
BOOK
999
_c
91349
_d
91349